| 000 | 00680nam a2200229 a 4500 | ||
|---|---|---|---|
| 001 | 13685 | ||
| 003 | BD-JhCC | ||
| 005 | 20240313210856.0 | ||
| 008 | 240313b 2013u |||| ||a| 000 0 eng d | ||
| 020 | _a 9781842439685 | ||
| 035 | _a(BD-JhCC)13685 | ||
| 040 |
_aBD-JhCC _dBD-JhCC |
||
| 041 | _aeng | ||
| 082 |
_a951 _b KER 2013 |
||
| 100 | _a Kerr,Gordon | ||
| 245 |
_aA short history of China : from ancient dynasties to economic powerhouse / _bGordon Kerr |
||
| 260 |
_aUK: _bPocket Essentials; _c2013. |
||
| 300 |
_a155 p. : _c22 cm. |
||
| 650 |
_a China History _vHISTORY Asia China _xA Short History of China : From Ancient Dynasties |
||
| 942 |
_2ddc _cBK |
||
| 999 |
_c13685 _d13685 |
||